Responses for show #5383 - Wednesday, January 23, 2008

Contestants

Joe McGuinness, a compliance manager from Bear, Delaware

Amanda Freisem, a labor services representative from Brentwood, New York

Buffy Thoms, a schoolteacher from Watson, Louisiana (whose 1-day cash winnings total $22,801)

Jeopardy! Round responses

WHERE IN THE WORLD IS SAN DIEGO?
"YOU" TUBE
ALSO A MAGAZINE
STATUE OF LIMITATIONS
ITOS, TITOS & FRITOS
4-LETTER WORDS
    $200 22
William Shakespeare

Amanda
    $200 7
Are You Smarter Than a 5th Grader?

Amanda
    $200 1
Time

Buffy
    $200 6
the Statue of Liberty

Amanda
    $200 16
(Alex: [*] have ridges, yes.)

Ruffles

Amanda
    $200 12
a jury

Amanda
    $400 23
Sea World

Joe
    $400 8
Mad About You

Amanda
    $400 2
Seventeen

Joe
    $400 27
The Thinker

Buffy
    $400 17
Tito Puente

Joe
    $400 13
the diet

Joe
    $600 24
Qualcomm

Joe
    $600 9
You Bet Your Life

Joe
    $600 3
Rolling Stone

Amanda
    $1,000 28
(Buffy: Who is the Colossus of Rhodes?)

the Venus de Milo

Buffy
    $600 18
The Today Show

Buffy
    $600 14
dock

Amanda
    $800 25
the convention center

Triple Stumper
    $800 10
While You Were Out

Amanda
    $800 4
Money

Joe
    $800 29
David

Amanda
    $800 19
Lance Ito

Amanda
    $800 15
army

Joe
    $1000 26
(Buffy: Who is Loyola?)

Junípero Serra

Buffy
Triple Stumper
    $1000 11
So You Think You Can Dance?

Joe
    $1000 5
(Buffy: What is Quotation?)
...
(Alex: The magazine is [*]. They have great covers.)
[Laughter]

Maxim

Buffy
Triple Stumper
    $1000 30
(Alex: And his name is [*]. In Trafalgar.)

Horatio Nelson

Triple Stumper
    $1000 20
Yugoslavia

Joe
    $1000 21
(Joe: What is a cuckoo?)

a kook

AmandaJoe

Scores at the first commercial break (after clue 15):

Buffy Amanda Joe
-$800 $3,000 $4,000

Scores at the end of the Jeopardy! Round:

Buffy Amanda Joe
-$1,800 $6,000 $5,400

Double Jeopardy! Round responses

WHERE IN THE WORLD IS DIEGO GARCIA?
BEST PICTURE OSCAR WINNERS BY CHARACTERS
(Alex: Featuring projects by college students...)
THE EPA P3 EXPO
ANIMALS EN ESPAÑOL
WHEN PUSHKIN COMES TO SHOVE
MISSING LINKS
    $400 21
the Indian Ocean

Joe
    $400 1
Silence of the Lambs

Amanda
    $400 26
sustainable

Joe
    $400 11
a crocodile

Joe
    $400 12
Moscow

Buffy
    $400 6
love

Amanda
    $800 22
Operation Desert Storm

Joe
    $800 2
Casablanca

Buffy
    $800 27
oxygen

Joe
    $800 13
a spider

Joe
    $800 14
(Joe: Who is...Catherine the Great?)

Peter the Great

AmandaJoe
    $800 7
home

Amanda
    $1200 23
Portugal

Joe
    $1200 3
The French Connection

Amanda
    $1200 28
irrigation

Buffy
    $1200 15
a bull

Amanda
    $3,000 18
Tchaikovsky

Buffy
    $1200 8
Hope

Buffy
    $1600 24
an atoll

Joe
    $1600 4
Amadeus

Amanda
    $1600 29
methane

Joe
    $1600 16
(Alex: [*] or turtle, yes.)

a tortoise

Amanda
    $1600 19
the Crimean

Joe
    $1600 9
wave

Triple Stumper
    $2000 25
Sri Lanka

Amanda
    $3,000 5
(Alex: [*]! King of the world!)

Titanic

Amanda
    $2000 30
Pasteurization

Amanda
    $2000 17
a dove

Buffy
    $2000 20
(Joe: Who is Ivan the Terrible?)

Boris Godunov

Joe
Triple Stumper
    $2000 10
march

Buffy

Scores at the end of the Double Jeopardy! Round:

Buffy Amanda Joe
$8,800 $21,000 $12,200

[wagering suggestions for these scores]

Final Jeopardy! Round responses

FAMOUS ENGLISHMEN
(Alex: Taught him how to make steel inexpensively.)
...
(Alex: You misspelled it. It's [*]. But we... can't accept it because you're missing too many letters. You knocked out one syllable. So it costs you $4,000. Leaves you with $17,000.)
BuffyWho was Watt
$8,800
JoeWho is A.G. Bell?
$9,000
AmandaWho was Besmer?
$4,000
Henry Bessemer

Final scores:

Buffy Amanda Joe
$0 $17,000 $3,200
3rd place: $1,000 New champion: $17,000 2nd place: $2,000

Game dynamics:

Coryat scores:

Buffy Amanda Joe
$8,000 $20,000 $12,200
10 R
(including 1 DD),
3 W
(including 1 DD)
23 R
(including 1 DD),
0 W
20 R,
3 W

Combined Coryat: $40,200

The J! Archive is created by fans, for fans. The Jeopardy! game show and all elements thereof, including but not limited to copyright and trademark thereto, are the property of Jeopardy Productions, Inc. and are protected under law. This website is not affiliated with, sponsored by, or operated by Jeopardy Productions, Inc. Join the discussion at JBoard.tv.